000 00348nam a2200169Ia 4500
100 _aFoster/Robert
650 _aASP
942 _cBK
366 _f17.5
654 _aASP.NET
245 _aASP.NET 3.5 Ajax unleashed
260 _bPearson Education
_c2009
082 _a005.133/FOS
_bFOS
300 _a249
546 _aENGLISH
999 _c33003
_d33003